| 000 | 00712nam a2200181 i 4500 | ||
|---|---|---|---|
| 001 | 182348 | ||
| 003 | ES-MaACL | ||
| 005 | 20240418144926.0 | ||
| 008 | 130805s1996 sp | |||| ||spa d | ||
| 080 | _a821.134.2-32"19"(082.2) | ||
| 245 | 0 | 0 | _aPrimera Edición del Certamen Literario Santoña... la mar. |
| 260 |
_aSantoña : _bComisión de Educación y Cultura del Excmo. Ayuntamiento de Santoña, _c1996. |
||
| 300 |
_a67 p. ; _c21 cm. |
||
| 505 | 8 | _aContiene: Donde va la mar / Pedro Laborda Díez. El pescador / José Ricardo Arques Álvarez. Aires del norte / Luz Nebreda Aguirre | |
| 650 | 0 | 4 |
_aNovela española- _yS.XX _915636 |
| 852 |
_aES-MaACL _j2319-F-8 |
||
| 999 |
_c182348 _d182348 |
||